Business parks index 2010 (Record no. 111456)

MARC details
000 -LEADER
fixed length control field 01133cad a22002295a 4500
001 - CONTROL NUMBER
control field E151574
008 - FIXED-LENGTH DATA ELEMENTS--GENERAL INFORMATION
fixed length control field 101122s2010 xxkbdo f s 000 0 eng d
035 ## - SYSTEM CONTROL NUMBER
System control number (Sirsi) u151574
041 0# - LANGUAGE CODE
Language code of text/sound track or separate title eng
050 04 - LIBRARY OF CONGRESS CALL NUMBER
Classification number 333.33 $2 18
110 2# - MAIN ENTRY--CORPORATE NAME
Corporate name or jurisdiction name as entry element Strutt & Parker
9 (RLIN) 2509
245 00 - TITLE STATEMENT
Title Business parks index 2010
Medium [electronic resource]
260 ## - PUBLICATION, DISTRIBUTION, ETC.
Place of publication, distribution, etc. London
Name of publisher, distributor, etc. Strutt & Parker
Date of publication, distribution, etc. 2010
520 ## - SUMMARY, ETC.
Summary, etc. This index draws on the IPD index of UK investment properties (184 buildings in 51 different parks at the end of 2009), a set of buildings described as 'S&P Parks'. Compares S&P Parks with two wider benchmarks - the IPD All Parks index and the IPD Urban Offices index. The second of these indexes looks at a sample of typical town centre offices (excluding central London). Contains tables, charts and maps.
521 ## - TARGET AUDIENCE NOTE
Target audience note Advanced
590 ## - LOCAL NOTE (RLIN)
Local note KA NTK
651 #4 - SUBJECT ADDED ENTRY--GEOGRAPHIC NAME
Geographic name England and Wales
Chronological subdivision 1543-
690 ## - LOCAL SUBJECT ADDED ENTRY--TOPICAL TERM (OCLC, RLIN)
Topical term or geographic name as entry element PROPERTY-COMMERCIAL PROPERTY
710 1# - ADDED ENTRY--CORPORATE NAME
Corporate name or jurisdiction name as entry element Investment Property Databank
9 (RLIN) 2288
856 40 - ELECTRONIC LOCATION AND ACCESS
Uniform Resource Identifier <a href="https://www.struttandparker.com/uploads/publications/bpi10.pdf">https://www.struttandparker.com/uploads/publications/bpi10.pdf</a>
Public note View the item free of charge online at www.struttandparker.com...
942 ## - ADDED ENTRY ELEMENTS (KOHA)
Suppress in OPAC 0
Holdings
Withdrawn status Lost status Source of classification or shelving scheme Damaged status Not for loan Home library Current library Shelving location Date acquired Total Checkouts Full call number Barcode Date last seen Copy number Price effective from Koha item type
    Dewey Decimal Classification     Virtual Virtual Online 22/11/2010   ONLINE PUBLICATION 151574-2001 06/08/2019 1 06/08/2019 Book